Twenty-first Century Capitalism
Gespeichert in:
| 1. Verfasser: | |
|---|---|
| Format: | Buch |
| Sprache: | Englisch |
| Veröffentlicht: |
New York
Norton and Co.
1993
|
| Ausgabe: | 1. ed. |
| Schlagworte: | |
| Tags: |
Keine Tags, Fügen Sie das erste Tag hinzu!
|
MARC
| LEADER | 00000nam a2200000 4500 | ||
|---|---|---|---|
| 001 | c021294 | ||
| 005 | 20240209112703.7 | ||
| 020 | |a 0-393-03516-6 | ||
| 041 | 0 | |a eng | |
| 044 | |a US | ||
| 245 | 1 | 0 | |a Twenty-first Century Capitalism |c Robert Heilbroner |
| 250 | |a 1. ed. | ||
| 264 | 1 | |a New York |b Norton and Co. |c 1993 | |
| 300 | |a 175 s. | ||
| 610 | 2 | 0 | |a kapitalizmus |
| 610 | 2 | 0 | |a prognózy |
| 610 | 2 | 0 | |a prognózy hospodárske |
| 610 | 2 | 0 | |a prognózy dlhodobé |
| 610 | 2 | 0 | |a rozvoj hospodársky |
| 610 | 2 | 0 | |a hospodárstvo kapitalistické |
| 610 | 2 | 0 | |a hospodárstvo trhové |
| 610 | 2 | 0 | |a USA |
| 100 | 1 | |a Heilbroner, Robert | |